Организация страхования в России: состояние, недостатки, перспективы развития; Экономика России в XXI веке

ग्रंथसूची विवरण
Parent link:Экономика России в XXI веке.— 2011.— С. 318-320
मुख्य लेखक: Телешев М. С.
भाषा:रूसी
प्रकाशित: 2011
श्रृंखला:Экономика России в XXI веке
विषय:
स्वरूप: पुस्तक अध्याय
KOHA link:https://koha.lib.tpu.ru/cgi-bin/koha/opac-detail.pl?biblionumber=238403

MARC

LEADER 00000naa2a2200000 4500
001 238403
005 20231031205131.0
035 |a (RuTPU)RU\TPU\book\259591 
035 |a RU\TPU\book\259588 
090 |a 238403 
100 |a 20130524d2011 k y0rusy50 ca 
101 0 |a rus 
102 |a RU 
200 1 |a Организация страхования в России: состояние, недостатки, перспективы развития  |f М. С. Телешев 
225 1 |a Экономика России в XXI веке 
320 |a Библиогр.: с. 320 (5 назв.) 
463 0 |0 (RuTPU)RU\TPU\book\250468  |t Экономика России в XXI веке  |o сборник научных трудов VIII Всероссийской научно-практической конференции "Фундаментальные проблемы модернизации экономики России", г. Томск, 15-18 ноября 2011 г.  |f Национальный исследовательский Томский политехнический университет (ТПУ), Инженерно-экономический факультет ; под ред. Г. А. Барышевой, Л. М. Борисовой  |v С. 318-320  |d 2011  |p 420 с. 
610 1 |a труды учёных ТПУ 
610 1 |a страхование 
610 1 |a Россия 
610 1 |a организация 
610 1 |a состояние 
610 1 |a недостатки 
610 1 |a перспективы развития 
610 1 |a обязательное страхование 
610 1 |a страховой рынок 
610 1 |a страховая деятельность 
700 1 |a Телешев  |b М. С. 
801 1 |a RU  |b 63413507  |c 20121214 
801 2 |a RU  |b 63413507  |c 20130524  |g RCR 
942 |c BK